000 00420nam a2200181Ia 4500
001 10817
005 20260306161900.0
008 260306t1950||||xx |||||||||||||| ||spa||
041 _aESP
082 _a973
_bF97
100 _aFurlong, Philip J.
_eAUT
245 4 _aThe new history of America
260 _c1950
300 _a633 páginas :
_c20 cm.
650 _aGEN
654 _aCHU
942 _cLIB
_dJUS
_fJUS
_2ddc
_n
999 _c10817
_d10817